<?xml version="1.0" encoding="UTF-8"?>
<record
    xmlns:xsi="http://www.w3.org/2001/XMLSchema-instance"
    xsi:schemaLocation="http://www.loc.gov/MARC21/slim http://www.loc.gov/standards/marcxml/schema/MARC21slim.xsd"
    xmlns="http://www.loc.gov/MARC21/slim">

  <leader>00646nam a2200145Ia 4500</leader>
  <controlfield tag="008">231221s9999    xx            000 0 und d</controlfield>
  <datafield tag="041" ind1=" " ind2=" ">
    <subfield code="a">English</subfield>
  </datafield>
  <datafield tag="082" ind1=" " ind2=" ">
    <subfield code="a">658.8  KIR</subfield>
  </datafield>
  <datafield tag="100" ind1=" " ind2=" ">
    <subfield code="a">Shilpa Kiran, Bendale</subfield>
  </datafield>
  <datafield tag="245" ind1=" " ind2="0">
    <subfield code="a">WTO Sectoral impacts: Textiles and Clothing [e resource : article]</subfield>
  </datafield>
  <datafield tag="260" ind1=" " ind2=" ">
    <subfield code="c">2001</subfield>
    <subfield code="b">Excel books</subfield>
  </datafield>
  <datafield tag="510" ind1=" " ind2=" ">
    <subfield code="a">article taken from the book WTO competitiveness: Challenges for Indian business and management education ed. by D Panduranga Rao p355-368</subfield>
  </datafield>
  <datafield tag="650" ind1=" " ind2=" ">
    <subfield code="a">Textile, clothing, trade,WTO, clothing,sectoral impact,Multi-Fiber Arrangement,MFA,GARMENT EXPORT,Textile Surveillance Body,TSB,Destinations</subfield>
  </datafield>
  <datafield tag="942" ind1=" " ind2=" ">
    <subfield code="c">DL</subfield>
  </datafield>
  <datafield tag="999" ind1=" " ind2=" ">
    <subfield code="c">203913</subfield>
    <subfield code="d">203913</subfield>
  </datafield>
  <datafield tag="952" ind1=" " ind2=" ">
    <subfield code="r">2024-01-26 00:00:00</subfield>
    <subfield code="l">0</subfield>
    <subfield code="o">658.8  KIR</subfield>
    <subfield code="p">DL23</subfield>
    <subfield code="u">digital/articles/mba/dl23.pdf</subfield>
    <subfield code="w">2024-01-26</subfield>
    <subfield code="y">DL</subfield>
    <subfield code="1">0</subfield>
    <subfield code="4">0</subfield>
    <subfield code="7">0</subfield>
    <subfield code="8">CL</subfield>
    <subfield code="0">0</subfield>
    <subfield code="a">ML</subfield>
    <subfield code="b">ML</subfield>
    <subfield code="c">CL</subfield>
    <subfield code="d">0000-00-00</subfield>
    <subfield code="L">16/11/2009</subfield>
    <subfield code="G">RS</subfield>
    <subfield code="F">1</subfield>
    <subfield code="V">0</subfield>
    <subfield code="W">0</subfield>
  </datafield>
</record>
